000
00414 a2200109 4500
005
20260327154458.0
100
_a
Khole V.
_9
217343
245
_a
आधुनिक महाराष्ट्राची जडणघडण शिल्पकार चरित्रकोश खंड ११: नाट्यकोश
250
_a
1st
260
_b
Saptahik Vivek Hindusthan Prakashan Samstha
_c
2024
942
_c
AR
999
_c
370800
_d
370800